000 00710nam a2200253Ia 4500
003 OSt
005 20221005065822.0
006 a|||||r|||| 00| 0
007 ta
008 221004b |||||||| |||| 00| 0 eng d
020 _a0050000068
024 _a43004
037 _cTextual
040 _aCRL
_cCRL
_beng
041 _2eng
_aeng
082 _aO142,3NAM,1, 111M5.1-.2
100 _aAmiredzhibi Chabua
_9605016
245 0 _aData tutashkhia Tr by Antonina W Bouis
260 _aMoscow
_bRaduga
_c1985
650 _a ENGLISH LITERATURE
650 _aRUSSIAN LITERATURE
942 _hO142,3NAM,1, 111M5.1-.2
_cTEXL
_2cc
999 _c975272
_d975272